Essentials of working capital management
Salvato in:
| Autore principale: | |
|---|---|
| Natura: | Libro |
| Lingua: | inglese |
| Pubblicazione: |
Hoboken
John Wiley & Sons
2011
|
| Serie: | Essentials series
|
| Soggetti: | |
| Tags: |
Nessun Tag, puoi essere il primo ad aggiungerne!!
|
MARC
| LEADER | 00000nam a2200000 4500 | ||
|---|---|---|---|
| 001 | 0169147 | ||
| 005 | 20240306140243.4 | ||
| 020 | |a 978-0-470-87998-6 | ||
| 041 | 0 | |a eng | |
| 044 | |a US | ||
| 245 | 1 | 0 | |a Essentials of working capital management |c James S. Sagner |
| 264 | 1 | |a Hoboken |b John Wiley & Sons |c 2011 | |
| 300 | |a xv, 272 s. | ||
| 490 | 1 | |a Essentials series | |
| 830 | 0 | |a Essentials series | |
| 610 | 2 | 0 | |a manažment |
| 610 | 2 | 0 | |a kapitál |
| 610 | 2 | 0 | |a hotovosť |
| 610 | 2 | 0 | |a pohľadávky |
| 610 | 2 | 0 | |a záväzky |
| 610 | 2 | 0 | |a internetbanking |
| 610 | 2 | 0 | |a riadenie rizík |
| 100 | 1 | |a Sagner, James S. | |